000 00563nam a2200181 a 4500
001 000048664
005 20201002061319.0
008 190405s2016 dr 000 0 spa d
020 _a9789945598087
040 _aDO-SdBNP
_bspa
_cBNPHU
082 _axx
_bxx
100 1 _aNova, Manolo
_976110
245 1 0 _aInvasión a Palomar :
_bun diálogo esclarecedor de la intentona/.
260 _aSanto Domingo :
_bargos,
_c2016.
300 _a191 p. ;
_c23 cm.
500 _aIncluye datos biográficos del autor en la solapa de cubierta
590 _aInventariado, 2019/VM
999 _c48152
_d48152